The intentional family : (Record no. 184658)
[ view plain ]
| 000 -LEADER | |
|---|---|
| fixed length control field | 00879 a2200217 4500 |
| 003 - CONTROL NUMBER IDENTIFIER | |
| control field | NUST |
| 005 - DATE AND TIME OF LATEST TRANSACTION | |
| control field | 20221214143109.0 |
| 010 ## - LIBRARY OF CONGRESS CONTROL NUMBER | |
| LC control number | 96040283 |
| 020 ## - INTERNATIONAL STANDARD BOOK NUMBER | |
| International Standard Book Number | 0201694662 (alk. paper) |
| 040 ## - CATALOGING SOURCE | |
| Transcribing agency | Nust |
| 082 00 - DEWEY DECIMAL CLASSIFICATION NUMBER | |
| Classification number | 306.850973,DOH |
| 100 1# - MAIN ENTRY--PERSONAL NAME | |
| Personal name | Doherty, William J. |
| 9 (RLIN) | 104844 |
| 245 14 - TITLE STATEMENT | |
| Title | The intentional family : |
| Remainder of title | how to build family ties in our modern world / |
| Statement of responsibility, etc. | William J. Doherty. |
| 260 ## - PUBLICATION, DISTRIBUTION, ETC. | |
| Place of publication, distribution, etc. | Reading, Mass. : |
| Name of publisher, distributor, etc. | Addison-Wesley Publishing, |
| Date of publication, distribution, etc. | c1997. |
| 300 ## - PHYSICAL DESCRIPTION | |
| Extent | x, 221 p. ; |
| Dimensions | 24 cm. |
| 505 ## - FORMATTED CONTENTS NOTE | |
| Formatted contents note | The Intentional Family (Page-3), Family Rituals of Connection (Page-19), Family Rituals Celebration and Community (Page-83), Becoming A More International Family (Page-167). |
| 650 #0 - SUBJECT ADDED ENTRY--TOPICAL TERM | |
| Topical term or geographic name entry element | Families |
| Geographic subdivision | United States. |
| 9 (RLIN) | 104737 |
| 650 #0 - SUBJECT ADDED ENTRY--TOPICAL TERM | |
| Topical term or geographic name entry element | Family festivals |
| Geographic subdivision | United States. |
| 9 (RLIN) | 104845 |
| 650 #0 - SUBJECT ADDED ENTRY--TOPICAL TERM | |
| Topical term or geographic name entry element | Rites and ceremonies |
| Geographic subdivision | United States. |
| 9 (RLIN) | 104846 |
| 942 ## - ADDED ENTRY ELEMENTS (KOHA) | |
| Source of classification or shelving scheme | |
| Koha item type | Book |
| Call number prefix | 306.850973,DOH |
| Withdrawn status | Lost status | Source of classification or shelving scheme | Damaged status | Not for loan | Permanent Location | Current Location | Shelving location | Date acquired | Full call number | Barcode | Date last seen | Price effective from | Koha item type | Public note |
|---|---|---|---|---|---|---|---|---|---|---|---|---|---|---|
| Military College of Signals (MCS) | Military College of Signals (MCS) | General Stacks | 12/12/2016 | 306.850973,DOH | MCS26591 | 12/08/2016 | 12/12/2016 | Book | Almirah No.49, Shelf No.3 |
